American Idol Audition Cities Quiz Stats

 Plays Quiz Updated Jan 29, 2015

Challenge
Share
Tweet
Embed
Score 0/45 Timer 06:00
1 Play Today
Season(s) City % Correct
1, 2, 3, 14New York
97.8%
1, 2, 3, 9, 10, 12Los Angeles
97.3%
1, 5, 9, 12Chicago
91.9%
1, 7, 9Dallas
91.1%
1, 2, 7Miami
90.8%
9Boston
87.7%
3, 11Houston
87.6%
1, 6Seattle
87.4%
3, 4, 5, 8, 10, 13, 14San Francisco
86.8%
1, 2, 3, 7, 9, 13Atlanta
85.3%
7Philadelphia
80.6%
4, 10, 12, 14New Orleans
78.5%
2, 13Detroit
78.2%
7, 11San Diego
77.8%
5, 9, 11Denver
77.5%
2, 10, 14Nashville
76.7%
4, 5Las Vegas
75.5%
4Washington DC
75.3%
11Portland, OR
74.9%
6Pasadena
73.6%
4, 11St Louis
73.4%
4Cleveland
71.5%
4, 9Orlando
70.9%
Season(s) City % Correct
11Pittsburgh
70.9%
2, 5, 10, 13Austin
70.7%
5, 13Foxborough
70.5%
8Kansas City
70.1%
6, 14Minneapolis
69.6%
6Memphis
65.8%
6, 12San Antonio
65.7%
12Oklahoma City
65.1%
8Glendale
59.6%
12Charlotte
58.9%
8, 13Salt Lake City
58.3%
8Jacksonville
56.3%
10Milwaukee
53.7%
8Louisville
48.4%
6, 8, 10, 11East Rutherford
46.8%
3Honolulu
44%
7, 13Omaha
39.7%
7, 11Charleston
38.2%
12Newark
34.4%
6Birmingham
34.3%
8San Juan
8.8%
5Greensboro
8.2%

You're not logged in!

Compare scores with friends on all Sporcle quizzes.
Join for Free
OR
Log In

You Might Also Like...

Show Comments

Extras

Top Quizzes Today


Score Distribution

Your Account Isn't Verified!

In order to create a playlist on Sporcle, you need to verify the email address you used during registration. Go to your Sporcle Settings to finish the process.

Report this User

Report this user for behavior that violates our Community Guidelines.

Details: